000 00562nam a2200205Ia 4500
005 20250326142349.0
008 250326s9999 xx 000 0 und d
020 _a0-07-462063-0
037 _aTextbook
040 _aFMSL
_beng
_cFMSL
041 _aeng
_2eng
084 _aX:8D N3;4
_qFMSL
100 _aChandra P
_9659734
245 0 _aFicial management theory and practice
_cChandra P
250 _aEd 3
260 _aNew Delhi
_bNew Delhi, Tata McGraw Hill
_c1993
300 _a954p
942 _cTB
_hX:8D N3;4
999 _c1294670
_d1294670